[Event "Topusko op 4th"]
[Site "Topusko"]
[Date "2015.08.02"]
[Round "2"]
[White "Dasic, Jelena"]
[Black "Novak, Bruna"]
[Result "1-0"]
[WhiteElo "1728"]
[BlackElo "1299"]
[PlyCount "79"]
[EventDate "2015.08.01"]
[EventType "swiss"]
[EventRounds "9"]
[EventCountry "CRO"]
[SourceTitle "CBM 167 Extra"]
[Source "ChessBase"]
[SourceDate "2015.09.14"]
[SourceVersion "1"]
[SourceVersionDate "2015.09.14"]
[SourceQuality "1"]

1. e4 e5 2. Nf3 Nc6 3. Bb5 d6 4. h3 Bd7 5. 0-0 Nf6 6. Re1 g6 7. d3 Bg7 8. c3 Qe7 9. Nbd2 0-0 10. Nf1 a6 11. Ba4 b5 12. Bc2 Rfe8 13. Ne3 Rac8 14. a4 Rb8 15. axb5 axb5 16. Nd5 Nxd5 17. exd5 Nd8 18. Be3 c6 19. dxc6 Bxc6 20. d4 e4 21. Nd2 d5 22. Nb3 Nb7 23. Bf4 Ra8 24. Qe2 Rxa1 25. Rxa1 b4 26. Ra7 bxc3 27. bxc3 Qd8 28. Qa6 Re7 29. Ra8 Qxa8 30. Qxa8+ Re8 31. Qa6 Nd8 32. Na5 Bd7 33. Qd6 Be6 34. Ba4 Rf8 35. Nc6 Nb7 36. Qb4 Bc8 37. Ne7+ Kh8 38. Nxc8 Rxc8 39. Qxb7 Rxc3 40. Qb8+ 1-0

[Event "Topusko op 4th"]
[Site "Topusko"]
[Date "2015.08.02"]
[Round "3"]
[White "Novak, Bruna"]
[Black "Kablar, Dorian"]
[Result "0-1"]
[WhiteElo "1299"]
[BlackElo "1510"]
[PlyCount "118"]
[EventDate "2015.08.01"]
[EventType "swiss"]
[EventRounds "9"]
[EventCountry "CRO"]
[SourceTitle "CBM 167 Extra"]
[Source "ChessBase"]
[SourceDate "2015.09.14"]
[SourceVersion "1"]
[SourceVersionDate "2015.09.14"]
[SourceQuality "1"]

1. e4 e5 2. f4 d6 3. Nf3 Nc6 4. Bc4 h6 5. d3 Nf6 6. Nc3 Be7 7. 0-0 a6 8. Be3 Na5 9. Bb3 Nxb3 10. axb3 exf4 11. Bxf4 c6 12. e5 dxe5 13. Bxe5 0-0 14. Re1 Bd6 15. Bxd6 Qxd6 16. Ne4 Nxe4 17. Rxe4 Be6 18. Nd4 Rfe8 19. Nxe6 Rxe6 20. Qe2 Rae8 21. Rf1 Rxe4 22. dxe4 Qd4+ 23. Qf2 Qxf2+ 24. Rxf2 Rxe4 25. Rd2 Re7 26. g3 f6 27. h3 Kf7 28. Kf2 g5 29. c4 Kg6 30. b4 Rc7 31. c5 Re7 32. Rd4 h5 33. Kf3 Kg7 34. h4 g4+ 35. Kf4 Kg6 36. Rd6 Re2 37. Rd7 Re6 38. Rd4 Re2 39. Rd7 Rxb2 40. Rxb7 a5 41. b5 cxb5 42. c6 a4 43. c7 Rc2 44. Rxb5 Rxc7 45. Ra5 Rc4+ 46. Ke3 Rc3+ 47. Kf2 Ra3 48. Kg2 Ra1 49. Kf2 a3 50. Kg2 a2 51. Kf2 Rh1 52. Rxa2 Rh2+ 53. Kg1 Rxa2 54. Kf1 Kf5 55. Kg1 Ke4 56. Kf1 Ke3 57. Kg1 Kf3 58. Kh1 Kxg3 59. Kg1 Ra1# 0-1

[Event "Zagreb GP U16"]
[Site "Zagreb"]
[Date "2013.05.28"]
[Round "3"]
[White "Medak, Mirta"]
[Black "Novak, Bruna"]
[Result "1/2-1/2"]
[WhiteElo "1600"]
[BlackElo "1601"]
[PlyCount "79"]
[EventDate "2013.05.26"]
[EventType "swiss"]
[EventRounds "6"]
[EventCountry "CRO"]
[SourceTitle "CBM 154 Extra"]
[Source "ChessBase"]
[SourceDate "2013.06.25"]
[SourceVersion "2"]
[SourceVersionDate "2013.06.25"]
[SourceQuality "1"]

1. e4 Nf6 2. Nc3 g6 3. d4 Bg7 4. Nf3 0-0 5. Bc4 d6 6. 0-0 Bg4 7. Bf4 Nc6 8. e5 dxe5 9. dxe5 Qxd1 10. Raxd1 Nxe5 11. Bxe5 Bxf3 12. gxf3 Nh5 13. Bxc7 Rac8 14. Rd7 Nf6 15. Rxe7 Bh6 16. Nd5 Nxd5 17. Bxd5 Bg5 18. Rd7 Rcd8 19. Bxd8 Bxd8 20. Rxb7 Bf6 21. Re1 Bd8 22. b4 h5 23. c4 Bb6 24. c5 Bd8 25. c6 a6 26. c7 Bxc7 27. Rxc7 Kh7 28. Ree7 Kh6 29. f4 h4 30. Bxf7 Kh5 31. f3 h3 32. Re5+ Kh4 33. Bxg6 Rh8 34. Rc8 Rh6 35. Be8 Rh8 36. a4 Rg8+ 37. Kf2 Rh8 38. b5 a5 39. b6 Rxe8 40. Rcxe8 1/2-1/2